El juego de la lógica y otros escritos
Salvato in:
| Autore principale: | |
|---|---|
| Natura: | Libro |
| Lingua: | spagnolo |
| Pubblicazione: |
Madrid
Alianza
1984
|
| Edizione: | 8a. ed |
| Serie: | Clásicos, 363
|
| Soggetti: | |
| Tags: |
Aggiungi Tag
Nessun Tag, puoi essere il primo ad aggiungerne!!
|
MARC
| LEADER | 00000nam a2200000 a 4500 | ||
|---|---|---|---|
| 001 | UCV8003 | ||
| 003 | CL-VaPUC | ||
| 008 | 900403e19840000SP |||||||||||||||||spa|d | ||
| 082 | 0 | 4 | |a 511.3 |b CAR |2 21 |
| 100 | 0 | |a Carroll, Lewis |e author |9 266788 | |
| 245 | 1 | 3 | |a El juego de la lógica y otros escritos |
| 250 | |a 8a. ed | ||
| 300 | |a 175 p | ||
| 942 | |c BK | ||
| 945 | |d 19900403 00:00:00 | ||
| 260 | |a Madrid |b Alianza |c 1984 | ||
| 650 | 0 | |a Lógica matemática |9 262442 | |
| 650 | 0 | |a Lógica |9 256849 | |
| 583 | |a last modification |c 19900403 00:00:00 |k Rodrigo Vera | ||
| 490 | 0 | |a Clásicos, 363 | |
| 999 | |c 213596 |d 213594 | ||
| 952 | |0 0 |1 0 |4 0 |6 511_300000000000000_CAR_1984 |7 0 |8 P |9 196111 |a BIBARQ |b BIBARQ |d 2019-11-14 |i 2640481 |o 511.3 CAR 1984 |p 2640481 |r 2025-01-20 |w 2019-11-14 |y BK |k ARQ | ||